Feeling Strangely in Mid-Century Spanish and Latin American Women's Fiction (Record no. 81188)

MARC details
000 -LEADER
fixed length control field 02674namaa2200349uu 4500
001 - CONTROL NUMBER
control field doab131391
003 - CONTROL NUMBER IDENTIFIER
control field oapen
005 - DATE AND TIME OF LATEST TRANSACTION
control field 20260218110441.0
006 - FIXED-LENGTH DATA ELEMENTS--ADDITIONAL MATERIAL CHARACTERISTICS
fixed length control field m o d
007 - PHYSICAL DESCRIPTION FIXED FIELD--GENERAL INFORMATION
fixed length control field cr|mn|---annan
008 - FIXED-LENGTH DATA ELEMENTS--GENERAL INFORMATION
fixed length control field 231206s2024 xx |||||o ||| 0|eng d
020 ## - INTERNATIONAL STANDARD BOOK NUMBER
International Standard Book Number 9781837644742
040 ## - CATALOGING SOURCE
Original cataloging agency oapen
Transcribing agency oapen
Modifying agency
041 0# - LANGUAGE CODE
Language code of text/sound track or separate title eng
042 ## - AUTHENTICATION CODE
Authentication code dc
245 00 - TITLE STATEMENT
Title Feeling Strangely in Mid-Century Spanish and Latin American Women's Fiction
Remainder of title Gender and the Scientific Imaginary
260 ## - PUBLICATION, DISTRIBUTION, ETC.
Place of publication, distribution, etc. Liverpool
Name of publisher, distributor, etc. Liverpool University Press
Date of publication, distribution, etc. 2024
300 ## - PHYSICAL DESCRIPTION
Extent 1 online resource (208 p.)
336 ## - CONTENT TYPE
Content type term text
Content type code txt
Source rdacontent
337 ## - MEDIA TYPE
Media type term computer
Media type code c
Source rdamedia
338 ## - CARRIER TYPE
Carrier type term online resource
Carrier type code cr
Source rdacarrier
506 0# - RESTRICTIONS ON ACCESS NOTE
Standardized terminology for access restriction Unrestricted online access
Source of term star
520 ## - SUMMARY, ETC.
Summary, etc. The early twentieth century was awash in revolutionary scientific discourse, and its uptake in the public imaginary through popular scientific writings touched every area of human experience, from politics and governance to social mores and culture. Feeling Strangely argues that these shifting scientific understandings and their integration into Hispanic and Lusophone society reshaped the experience of gender. The book analyzes gender as a felt experience and explores how that experience is shaped by popular scientific discourse by examining the "strange" femininity of young protagonists in four novels written by women in Spanish and Portuguese: Rosa Chacel's Memorias de Leticia Valle (published in Argentina in 1945); Norah Lange's Personas en la sala (Argentina, 1950); Carmen Laforet's Nada (Spain, 1945); and Clarice Lispector's Perto do coração selvagem (Brazil, 1943). It pairs each novel with a broad scientific theme selected from those that captured the contemporary popular imagination to argue that the young female protagonists in these novels all put forth visions of young womanhood as an experience of strangeness. Building on Carmen Martín Gaite's term chicas raras, Rankin proposes this strangeness as constitutive of a gendered experience inextricable from affective and material engagements with the world.
540 ## - TERMS GOVERNING USE AND REPRODUCTION NOTE
Terms governing use and reproduction Creative Commons
-- https://creativecommons.org/licenses/by-nc-nd/4.0/
-- cc
Uniform Resource Identifier <a href="https://creativecommons.org/licenses/by-nc-nd/4.0/">https://creativecommons.org/licenses/by-nc-nd/4.0/</a>
546 ## - LANGUAGE NOTE
Language note English
650 #7 - SUBJECT ADDED ENTRY--TOPICAL TERM
Topical term or geographic name entry element Gender studies, gender groups
Source of heading or term bicssc
650 #7 - SUBJECT ADDED ENTRY--TOPICAL TERM
Topical term or geographic name entry element Literary studies: fiction, novelists and prose writers
Source of heading or term bicssc
720 1# - ADDED ENTRY--UNCONTROLLED NAME
Name Rankin, Tess C.
Relator code aut
793 0# -
-- DOAB Library.
856 ## - ELECTRONIC LOCATION AND ACCESS
Uniform Resource Identifier <a href="https://docs.google.com/spreadsheets/d/1yKIrdCPDAG_9c22mwoOIO2DOhtj65Wqa/edit?usp=sharing&ouid=106555315294820607512&rtpof=true&sd=true ">https://docs.google.com/spreadsheets/d/1yKIrdCPDAG_9c22mwoOIO2DOhtj65Wqa/edit?usp=sharing&ouid=106555315294820607512&rtpof=true&sd=true </a>
Link text List of Curated E-Books
942 ## - ADDED ENTRY ELEMENTS (KOHA)
Koha item type E-Book
Holdings
Withdrawn status Damaged status Not for loan Home library Current library Date acquired Total Checkouts Date last seen Price effective from Koha item type
      Directory of Open Access Books Directory of Open Access Books 12/09/2024   12/09/2024 12/09/2024 E-Book

University of Rizal System
Email us at univlibservices@urs.edu.ph

Visit our Website www.urs.edu.ph/library